Vêtements Français à Espagnol - Statistiques

Statistiques générales
  • Ce quiz a été pris 122 fois
  • Le résultat moyen est 9 sur 34
Statistiques - réponses
Hint Réponse % Correct
Pantalon Pantalón
92%
Vêtements Ropa
77%
T-shirt Camiseta
68%
Chemise Camisa
62%
Jupe Falda
60%
Botte Bota
42%
Soulier Zapato
40%
Veste Chaqueta
38%
Ceinture Cinturón
37%
Bikini Bikini
36%
Gant Guante
36%
Manteau Abrigo
35%
Pyjama Pijama
35%
Jeans Jeans
31%
Chausette Calcetine
29%
Casquette Gorra
29%
Cravate Corbata
27%
Short Pantalón corto
26%
Foulard Bufanda
15%
Sandale Sandalia
15%
Cardigan Cárdigan
14%
Maillot de bain Traje de baño
12%
Tuque Gorro
10%
Camisole Camisola
9%
Collant Media
9%
Sous-vêtement Ropa interior
9%
Coton Ouaté Sudadera
8%
Chandail Suéter
6%
Pantouffle Pantufla
5%
Veston Chaleco
4%
Jogging Pantalón deportivo
4%
Soutien-gorge Sostén
4%
Mitaine Mitón
3%
Robe Vestir
3%
Aucun quiz correspondant
Distribution des résultats
% des personnes avec chaque résultat
Percentile par nombre de réponses
Votre historique - résultats
Vous n’avez pas pris ce quiz